| 000 | 00878cam a2200253 a 4500 | ||
|---|---|---|---|
| 003 | MX-MxUPN | ||
| 005 | 20240508091146.0 | ||
| 008 | 991125s1923 mx a br 001 0 spa d | ||
| 035 | _aUPN01000001834 | ||
| 040 |
_aMX-MxUPN _bspa _cMX-MxUPN |
||
| 041 | _aspa | ||
| 050 | 1 | 4 |
_aLB1573 M6.3 _bC62 1923 |
| 100 | 1 |
_aContreras de Carballo, Manuela _951872 |
|
| 245 | 1 | 3 |
_aEl alma de la patria : _blibro segundo de lectura para uso de las alumnas de tercer año elemental |
| 246 | 1 | 4 |
_aEl alma patria : _blibro - II |
| 250 | _aSexta edición | ||
| 260 |
_aMéxico : _bHerrero Hermanos Sucesores, _c1923. |
||
| 300 |
_a270 páginas : _bilustraciones |
||
| 650 | 4 |
_92805 _aLectura _xEstudio y enseñanza (Elemental) |
|
| 710 | 1 |
_951720 _aVeracruz. _bDirección General de Educación _epropietario anterior |
|
| 902 | _bMaríaRobles/070524 | ||
| 905 | _aLibro | ||
| 942 |
_2lcc _cLIBRO _n0 |
||
| 999 |
_c1834 _d1834 |
||